Culture Générale - Série 972 - Statistiques

Statistiques générales
  • Ce quiz a été pris 110 fois
  • Le résultat moyen est 8 sur 10
Statistiques - réponses
Question Réponse % Correct
En quelle saison a traditionnellement lieu la "trêve des confiseurs" ? hiver
94%
Quelle Française a donné deux enfants à Johnny Depp ? Vanessa Paradis
94%
De quel pays est originaire la bière appelée "gueuze" ? Belgique
93%
Quel alcool de grain russe signifie littéralement "petite eau" ? vodka
92%
Quel tube de métal, terminé par des poignées, commande l'orientation de la roue directrice d'une bicyclette ? guidon
91%
Quel est le nom actuel de la ville française appelée : Lugdunum, à l'époque gallo-romaine ? Lyon
91%
Aux États-Unis, le parc national de la Vallée de la Mort se partage entre le Nevada et la... Californie
79%
De quel pays est originaire le cheddar ? Royaume-Uni
79%
Quel pays a remporté le championnat d'Europe de basket-ball masculin 2009 ? Espagne
59%
Quel président de la IIIe République a gracié Alfred Dreyfus ? Émile Loubet
23%
Aucun quiz correspondant
Distribution des résultats
% des personnes avec chaque résultat
Percentile par nombre de réponses
Votre historique - résultats
Vous n’avez pas pris ce quiz